000 00550nam a2200121 4500
999 _c14460
_d14460
008 190925b ||||| |||| 00| 0 eng d
082 _aDPer 050 T48 Apr-June 2016 v. 187, n. 12-24.
245 _aLionel Messi in his own words:
_bthe five-time world player of the year shares his excitement about playing in the U.S. during Copa America--and how he hopes the trip ends Argentina's trophy drought.
260 _aHong Kong:
_bTime Asia,
_cc2016.
300 _av187 n21, pages 42-45:
_billustrations;
_c27 cm.
650 _aSports.
_939933
942 _2ddc
_cPER